| 000 | 00694cab a2200193 4500 | ||
|---|---|---|---|
| 001 | ABS36969 | ||
| 008 | 090401t1986 xxu||||| |||| 00| 0 eng d | ||
| 035 | _a(Sirsi) u1278 | ||
| 041 | _aeng | ||
| 100 | _aBlakeman, R.H. | ||
| 245 | _aAerial photography - its role in farm management | ||
| 260 | _c1986 | ||
| 350 | _a0 | ||
| 490 |
_aFarm Management _v6 (3) Autumn 1986, 113-117 (5) |
||
| 520 | _aDescribes how aerial photography can aid farm management in such areas as monitoring crop growth, soil analysis, crop spraying and fertiliser application. Also looks at the services offered by the ADAS Aerial Photography Unit . | ||
| 690 | _aRURAL PRACTICE | ||
| 942 | _n0 | ||
| 948 | _c04/03/1997 | ||
| 999 |
_c697 _d697 |
||